The noble scholar, jurist, historian


 His Excellency Dr. Abdul Wahhab bin Ibrahim Abu Sulaiman, may Allah have mercy on him.


 He was born in Umm Al-Qura in the year 1356 AH.

مرشد المحتار إلى خصائص المختار صلى الله عليه وسلم / (Record no. 5542)

MARC details
000 -LEADER
fixed length control field 01570cam a22003251i 4500
003 - CONTROL NUMBER IDENTIFIER
control field SA-RiAUC
005 - DATE AND TIME OF LATEST TRANSACTION
control field 20250204063237.0
008 - FIXED-LENGTH DATA ELEMENTS--GENERAL INFORMATION
fixed length control field 250202q19001999ua g 00000bara c
040 ## - CATALOGING SOURCE
Original cataloging agency SA-MaUQU
Language of cataloging ara
Transcribing agency SA-RiAUC
Description conventions rda
050 #4 - LIBRARY OF CONGRESS CALL NUMBER
Item number .I26 1900z
050 #4 - LIBRARY OF CONGRESS CALL NUMBER
Item number .I26 1900z
082 04 - DEWEY DECIMAL CLASSIFICATION NUMBER
Classification number 239.6
Assigning agency SA-RiAUC
090 ## - LOCALLY ASSIGNED LC-TYPE CALL NUMBER (OCLC); LOCAL CALL NUMBER (RLIN)
Classification number (OCLC) (R) ; Classification number, CALL (RLIN) (NR) 239.6
Local cutter number (OCLC) ; Book number/undivided call number, CALL (RLIN) ا ب ن ط
100 1# - MAIN ENTRY--PERSONAL NAME
Personal name ابن طولون، محمد بن علي بن أحمد،
Dates associated with a name 880-953 هجري
Relator term مؤلف.
245 10 - TITLE STATEMENT
Title مرشد المحتار إلى خصائص المختار صلى الله عليه وسلم /
Statement of responsibility, etc. تأليف محمد بن طولون ؛ تحقيق بهاء الشاهد.
246 30 - VARYING FORM OF TITLE
Title proper/short title خصائص المختار صلى الله عليه وسلم
264 #1 - PRODUCTION, PUBLICATION, DISTRIBUTION, MANUFACTURE, AND COPYRIGHT NOTICE
Place of production, publication, distribution, manufacture القاهرة :
Name of producer, publisher, distributor, manufacturer [الناشر غير محدد]،
Date of production, publication, distribution, manufacture, or copyright notice [بين 1900 و1999]
300 ## - PHYSICAL DESCRIPTION
Extent 456 صفحة ؛
Dimensions 27 سم
336 ## - CONTENT TYPE
Content type term نص
Content type code txt
Source rdacontent
Materials specified كتاب
337 ## - MEDIA TYPE
Media type term بدون وسيط
Media type code n
Source rdamedia
338 ## - CARRIER TYPE
Carrier type term مجلد
Carrier type code nc
Source rdacarrier
600 07 - SUBJECT ADDED ENTRY--PERSONAL NAME
Personal name محمد (صلى الله عليه وسلم)،
Dates associated with a name 53 قبل الهجرة-11 هجري
General subdivision أخلاق
Source of heading or term aucnm
650 #7 - SUBJECT ADDED ENTRY--TOPICAL TERM
Topical term or geographic name entry element أخلاق الرسول
Source of heading or term aucsh
650 #7 - SUBJECT ADDED ENTRY--TOPICAL TERM
Topical term or geographic name entry element السيرة النبوية
Source of heading or term aucsh
653 ## - INDEX TERM--UNCONTROLLED
Uncontrolled term الديانات
700 12 - ADDED ENTRY--PERSONAL NAME
Relationship information تحقيق لـ (عمل) :
Personal name ابن طولون، محمد بن علي بن أحمد،
Dates associated with a name 880-953 هجري.
Title of a work مرشد المحتار إلى خصائص المختار صلى الله عليه وسلم
700 1# - ADDED ENTRY--PERSONAL NAME
Personal name الشاهد، بهاء محمد
Relator term محقق.
942 ## - ADDED ENTRY ELEMENTS (KOHA)
Source of classification or shelving scheme Dewey Decimal Classification
Koha item type Books
Suppress in OPAC No
949 ## - LOCAL PROCESSING INFORMATION (OCLC)
a SA-JeALM
d 250202
u osman123
n 1
Holdings
Withdrawn status Lost status Source of classification or shelving scheme Damaged status Not for loan Home library Current library Date acquired Total checkouts Full call number Barcode Date last seen Price effective from Koha item type
    Dewey Decimal Classification     DR AbdElwahab Library DR AbdElwahab Library 02/04/2025   239.6 ا ب ن ط 000009418 02/04/2025 02/04/2025 Books